MARC

LEADER 00000nam0a2200000 4500
001 325730
005 20240914063127.0
035 |a (RuTPU)RU\TPU\book\351345 
090 |a 325730 
100 |a 20161212d1937 m y0rusy50 ca 
101 0 |a rus 
102 |a RU 
105 |a a z 001zb 
200 1 |a А. С. Пушкин. Борис Годунов  |f Западный областной драматический театр 
210 |a Смоленск  |c [Б. и.]  |d 1937 
215 |a 32 с.  |c ил. 
320 |a Библиогр.: с. 29-30 
600 1 |a Пушкин  |b А. С.  |c российский поэт  |c писатель  |f 1799-1837  |g Александр Сергеевич  |7 ca  |8 rus  |2 stltpush  |3 (RuTPU)RU\TPU\pers\1026  |9 453 
606 1 |a Русская литература, дореволюционная  |x История и критика  |2 stltpush  |3 (RuTPU)RU\TPU\subj\26372  |9 50315 
610 1 |a сценическая история 
610 1 |a Россия 
610 1 |a исполнители 
610 1 |a драматические театры 
610 1 |a постановка 
610 1 |a 20 век 
675 |a 8Р1  |v 3 
712 0 2 |a Западный областной драматический театр  |2 stltpush  |3 (RuTPU)RU\TPU\col\27543  |9 28719 
801 1 |a RU  |b 63413507  |c 20161212 
801 2 |a RU  |b 63413507  |c 20200727  |g RCR 
942 |c BK